<?xml version="1.0" encoding="UTF-8"?>
<collection xmlns="http://www.loc.gov/MARC21/slim">
<record>
  <controlfield tag="001">149678</controlfield>
  <controlfield tag="005">20250127135745.0</controlfield>
  <datafield tag="037" ind1=" " ind2=" ">
    <subfield code="a">TAZ-TFG-2024-2943</subfield>
  </datafield>
  <datafield tag="041" ind1=" " ind2=" ">
    <subfield code="a">spa</subfield>
  </datafield>
  <datafield tag="100" ind1="1" ind2=" ">
    <subfield code="a">Liesa Soria, Raúl</subfield>
  </datafield>
  <datafield tag="242" ind1="0" ind2="0">
    <subfield code="a">Simulation of the reactor and the process of obtaining methanol from carbon dioxide and hydrogen with simultaneous adsorption of water</subfield>
  </datafield>
  <datafield tag="245" ind1="0" ind2="0">
    <subfield code="a">Simulación del reactor y del proceso de obtención de metanol a partir de dióxido de carbono e hidrógeno con adsorción simultánea de agua</subfield>
  </datafield>
  <datafield tag="260" ind1=" " ind2=" ">
    <subfield code="a">Zaragoza</subfield>
    <subfield code="b">Universidad de Zaragoza</subfield>
    <subfield code="c">2024</subfield>
  </datafield>
  <datafield tag="506" ind1=" " ind2=" ">
    <subfield code="a">by-nc-sa</subfield>
    <subfield code="b">Creative Commons</subfield>
    <subfield code="c">3.0</subfield>
    <subfield code="u">http://creativecommons.org/licenses/by-nc-sa/3.0/</subfield>
  </datafield>
  <datafield tag="520" ind1=" " ind2=" ">
    <subfield code="a">Este trabajo se centra en la simulación de una planta de producción de metanol verde a partir de CO2 y H2, donde se usará zeolita 13X para absorber parcialmente el agua producida en la reacción de formación de metanol. La mayoría de la simulación se ha realizado mediante el programa de Aspen Hysys, excepto la del reactor de formación de metanol que se ha simulado mediante un programa usando Matlab. La simulación del reactor con Matlab ha permitido encontrar los parámetros y características óptimos para la reacción, logrando así varios casos de estudio para simular una planta de obtención de metanol a partir de H2 y CO2 en Aspen Hysys. Los parámetros óptimos para esta reacción han sido: presión de 50 bares, temperatura de 245 °C y longitud del reactor de 15m. Los flujos molares FH2 y FCO2 iniciales son los mismos, variando en los casos de estudio, en este caso cuatro, la cantidad de FCO recirculado y la relación&lt;br /></subfield>
  </datafield>
  <datafield tag="521" ind1=" " ind2=" ">
    <subfield code="a">Graduado en Ingeniería Química</subfield>
  </datafield>
  <datafield tag="540" ind1=" " ind2=" ">
    <subfield code="a">Derechos regulados por licencia Creative Commons</subfield>
  </datafield>
  <datafield tag="856" ind1="0" ind2=" ">
    <subfield code="f">797853@unizar.es</subfield>
  </datafield>
  <datafield tag="856" ind1="4" ind2=" ">
    <subfield code="s">433853</subfield>
    <subfield code="u">http://zaguan.unizar.es/record/149678/files/TAZ-TFG-2024-2943_ANE.pdf</subfield>
    <subfield code="y">Anexos (spa)</subfield>
  </datafield>
  <datafield tag="856" ind1="4" ind2=" ">
    <subfield code="s">699366</subfield>
    <subfield code="u">http://zaguan.unizar.es/record/149678/files/TAZ-TFG-2024-2943.pdf</subfield>
    <subfield code="y">Memoria (spa)</subfield>
  </datafield>
  <datafield tag="909" ind1="C" ind2="O">
    <subfield code="o">oai:zaguan.unizar.es:149678</subfield>
    <subfield code="p">driver</subfield>
    <subfield code="p">trabajos-fin-grado</subfield>
  </datafield>
  <datafield tag="950" ind1=" " ind2=" ">
    <subfield code="a"></subfield>
  </datafield>
  <datafield tag="691" ind1=" " ind2=" ">
    <subfield code="a">7 8 12</subfield>
  </datafield>
  <datafield tag="692" ind1=" " ind2=" ">
    <subfield code="a">Una planta de producción de metanol verde a partir de CO2 e hidrógeno utiliza energía renovable para generar hidrógeno sin emisiones de carbono, promoviendo así el uso de fuentes de energía limpias y sostenibles. Este proceso fomenta el desarrollo de tecnologías avanzadas y la construcción de infraestructuras industriales eficientes, reduciendo significativamente el impacto ambiental. Además, la creación y operación de estas plantas generan nuevos empleos en el sector de las energías renovables y tecnologías verdes, impulsando un crecimiento económico sostenible y responsable.</subfield>
  </datafield>
  <datafield tag="700" ind1=" " ind2=" ">
    <subfield code="a">Romero Pascual, Enrique</subfield>
    <subfield code="e">dir.</subfield>
  </datafield>
  <datafield tag="700" ind1=" " ind2=" ">
    <subfield code="a">Soler Herrero, Jaime</subfield>
    <subfield code="e">dir.</subfield>
  </datafield>
  <datafield tag="710" ind1="2" ind2=" ">
    <subfield code="a">Universidad de Zaragoza</subfield>
    <subfield code="b">Ingeniería Química y Tecnologías del Medio Ambiente</subfield>
    <subfield code="c">Ingeniería Química</subfield>
  </datafield>
  <datafield tag="980" ind1=" " ind2=" ">
    <subfield code="a">TAZ</subfield>
    <subfield code="b">TFG</subfield>
    <subfield code="c">EINA</subfield>
  </datafield>
  <datafield tag="999" ind1=" " ind2=" ">
    <subfield code="a">20240626131115.CREATION_DATE</subfield>
  </datafield>
  <datafield tag="951" ind1=" " ind2=" ">
    <subfield code="a">deposita:2025-01-27</subfield>
  </datafield>
</record>
</collection>